Statistics for LaMelo Ball Quiz

Click here to take the quiz!

General Stats

  • This quiz has been taken 108 times
  • The average score is 11 of 15

Answer Stats

QuestionAnswer% Correct
What number does he wear?1
97%
What team does he play for?Hornets
96%
What position does he play?PG
93%
What year was he drafted?2020
88%
What is his dad's name?Lavar
86%
How tall is he?6'7"
83%
What shoe brand is he signed to?Puma
82%
What are his siblings names?Lonzo and LiAngelo
72%
What award did he win in 2021?Rookie Of The Year
72%
What is his middle name?LaFrance
67%
Which pick was he?3rd
65%
In which country did he play in 2019?Australia
61%
In which country did he play in 2018?Lithuania
47%
What college did he go to?UCLA
46%
What player is he compared to?Jason Kidd | Lonzo Ball | Jayson Tatum
39%

Score Distribution

Percentile by Number Answered

Percent of People with Each Score

Your Score History

You have not taken this quiz